| 000 | 01452cad a22002175a 4500 | ||
|---|---|---|---|
| 001 | E141028 | ||
| 008 | 071025e20071001stk f s000 0 eng d | ||
| 035 | _a(Sirsi) u141028 | ||
| 041 | 0 | _aeng | |
| 110 | 1 |
_aScotland _bScottish Government _95344 |
|
| 245 | 0 | 0 | _aConsultation on expansion of crofting |
| 260 | _c2007 | ||
| 490 | 0 |
_aScottish Government News Release _v1 October 2007 |
|
| 520 | _aThe possible expansion of crofting outwith the traditional crofting counties is to be the subject of consultation. Environment Minister, Michael Russell, stressed the importance of crofting to rural economies and the on-going work of the Committee of Inquiry which is currently considering a vision for the future of crofting. Section 3A(1) of the Crofters (Scotland) Act 1993 (inserted by the 2007 Act) allows Scottish Ministers to designate new areas in Scotland where crofts can be created, with the approval of the Crofters Commission. The results of the consultation on designating new areas should be available for consideration at the same time as the Committee of Inquiry's recommendations in early 2008. | ||
| 650 | 2 | 4 | _aCROFTERS (SCOTLAND) ACT 1993, S.3(1) |
| 650 | 2 | 4 | _aCROFTERS (SCOTLAND) ACT 1993 |
| 651 | 4 |
_aScotland _y1999- |
|
| 690 | _aPROPERTY-RURAL AND NATURAL ASSETS-AGRICULTURAL PROPERTY | ||
| 856 | 4 | 1 |
_uhttps://www.scotland.gov.uk/News/Releases/2007/10/01165647 _zView the item free of charge at www.scotland.gov.uk... |
| 942 | _n0 | ||
| 999 |
_c79413 _d79413 |
||